Gaming Quiz

Random Gaming or Disney Quiz

Club Penguin Pins Quiz Stats

 Plays Quiz not verified by Sporcle

Score 0/296 Timer 20:00
0 Plays Today
Room Found In Pin % Correct
Coffee ShopShamrock
40%
Dance LoungePlant
40%
Stage Ruby
40%
Completing the Fire Scavenger HuntFire
40%
Stage Ruby
40%
Lodge AtticBlue Puffle
40%
Hidden LakeRed Puffle
40%
DojoGreen Puffle
40%
CovePink Puffle
40%
Book Room White Puffle
40%
Mine Shack Yellow Puffle
40%
Ski VillageBrown Puffle
40%
Night ClubOrange Puffle
40%
Pizza ParlorMusic Note
30%
Book RoomPencil
30%
The Penguin TimesChristmas Tree
30%
Dojo CourtyardTree
30%
LighthouseFireworks
30%
BeaconFeather
30%
Recycling PlantBlack Puffle
30%
Pizza ParlorPurple Puffle
30%
Book Room Cake
30%
PlazaPizza Slice
20%
DockBalloon
20%
Night ClubMining Lantern
20%
Lodge AtticBeach Ball
20%
Book RoomSun
20%
Mine ShackHorse Shoe
20%
Snow FortsAstro Barrier Ship
20%
Ski VillageHockey Stick
20%
Gift ShopSoccer Ball
20%
PlazaLighthouse
20%
Ski HillTelescope
20%
Ski VillageGem
20%
Beacon Surfboard
20%
Coffee ShopHolly
20%
Book RoomRockhopper's Key
20%
BeaconLily
20%
MinePuffle O's
20%
ForestChocolate Bunny
20%
Mysterious PinsCastle
20%
Iceberg Puffer Fish
20%
Underwater Moss Key
20%
Dock Frog
20%
Completing the Recycle HuntRecycle
20%
Boiler Room Compass
20%
LighthouseCarabiner
20%
Night Club Carrot
20%
Cove Bat
20%
IcbergWater
20%
IcebergTelescope
20%
Donating to Coins For ChangeCoins For Change 2011
20%
Stage Round Ruby
20%
Coffee ShopBean Bag
20%
Mysterious PinsPink Castle
20%
StageSquare Ruby
20%
Cave MineSnowflake
20%
Coins for Change 2012
20%
Beach Rainbow Puffle
20%
Donating to Coins for ChangeCoins for Change 2013
20%
Donating to Coins for ChangeCoins for Change 2014
20%
SchoolRebels
20%
Ski Lodge Bonfire
10%
ShootoutsPenguin Cup 2014
10%
Pet ShopJolly Roger Flag
10%
DockPumpkin
10%
BeachJetpack
10%
LighthouseLife Ring
10%
Night ClubCandy Cane
10%
Pizza ParlorApple
10%
Coffee ShopCactus
10%
Underground PoolTeddy Bear
10%
IcebergIce Block
10%
Dance LoungeShrimp
10%
Lodge AtticPot O' Gold
10%
DockCardboard Box
10%
BeaconMicrophone
10%
Sport ShopTulip
10%
Mine Starfish
10%
Ski LodgePicnic Basket
10%
Dance LoungeWater Droplet
10%
Pizza ParlorCart
10%
Forest Butterfly
10%
Mine ShackTent
10%
Boiler RoomBaseball
10%
Ski Lodge Jellyfish
10%
PlazaCircus Tent
10%
Snow FortsPing Pong Paddle
10%
Pet ShopHairbrush
10%
Underground PoolSpider
10%
Dance LoungeUFO
10%
CoveNeedle
10%
Lodge Attic Wreath
10%
Boiler Room Red Snow Shovel
10%
ForestSombrero
10%
Lighthouse Rowboat
10%
Cove Anchor
10%
IcebergGolden Wheel
10%
Underground PoolAqua Grabber Sub
10%
Room Found In Pin % Correct
Boiler Room Book
10%
Mine ShackCrayon
10%
Book RoomPyramid
10%
Ski Village Treasure Chest
10%
Coffee ShopGoblet
10%
Boiler Room Anvil
10%
ForestIcecream Cone
10%
Pizza Parlor Basketball
10%
CoveFirework Rocket
10%
Underground Pool Treble Clef
10%
Night ClubRecord
10%
Stage Dodgeball
10%
Boiler Room150th Newspaper
10%
DockMagnifying Glass
10%
Forest Yellow Balloon
10%
LighthouseLollipop
10%
Sport ShopMicroscope
10%
Dance Lounge3rd Anniversary Cake
10%
Forest Blue Snow Shovel
10%
BeachSnowflake Tile
10%
Pet ShopSnow Fort
10%
Ski LodgePresent
10%
Lodge AtticGingerbread Man
10%
Snow FortsTaco
10%
IcebergO Berry
10%
Ski Hill Lucky Coin
10%
Lodge Attic Top Hat
10%
Boiler RoomKing's Crown
10%
Pizza ParlorIce Cream Sundae
10%
Book RoomSafari Hat
10%
Lighthouse Watermelon
10%
Underground PoolDojo Lantern
10%
Boiler RoomBeach Umbrella
10%
Coffee ShopToy Sailboat
10%
MineSand Castle
10%
CoveKoi Fish
10%
Forest Cotton Cansy
10%
Pizza Parlor101 Days of Fun
10%
Book Room Padlock
10%
Lodge Attic Football
10%
Boiler Room4th Anniversary Cake
10%
Ski HillToboggan
10%
StageMagic Phial
10%
Coffee ShopHot Chocolate
10%
Forest Christmas Bell
10%
Lodge Attic Snowman
10%
Cave Mine Amethyst
10%
Pet ShopSpeaker
10%
Ski Lodge Wagon
10%
Dance Lounge Boot
10%
Sport ShopCupcake
10%
Ski Hill Leaf
10%
CoveShield
10%
Treasure Room Toothbrush
10%
Book Room Cream Soda Barrel
10%
IcebergSeashell
10%
Pizza ParlorLight Bulb
10%
Hidden LakeCandy Apple
10%
Lodge AtticTambourine
10%
Underground PoolIgloo
10%
Forest Popcorn
10%
Book Room Fair Ticket
10%
Cave MineSandwich
10%
Mine ShackGold Feather
10%
BeachWater Tap
10%
Snow FortsSnowflakes
10%
DockSnow Globe
10%
StageRuby Brooch
10%
Ski Hill Party Favors
10%
Coffee ShopSleeping Bag
10%
Dance LoungeFire Extinguisher
10%
StageViking Ship
10%
UndergroundQuartz
10%
Ski LodgeSavanna Tree
10%
Dojo CourtyardMedieval Shield
10%
StageMermaid Shell
10%
Boiler Room Brazier
10%
EPF RooftopEPF Badge
10%
Hidden LakeRed Electric Guitar
10%
BeaconEnchanted Feather
10%
Book Room Stereo
10%
DockTiki Mask
10%
IcebergGold Anchor
10%
Ship HoldEye Patch
10%
DockTropical Feather
10%
Tree FortsOld Key
10%
Gift Shop Tropical Bird
10%
Cove Checkered Flag
10%
Underground PoolPolar Paw Print
10%
Second Laser MazeExpedition Key
10%
Classified AreaAC 3000
10%
Forest Balloon Bunch
10%
Dojo CourtyardMilkshake
10%
Forest Purple Balloon
10%
Coffee ShopSnow Cone
10%
Beach Fence
10%
Hidden LakeCrystal Ball
10%
Cave MineHot Sauce
10%
Snow FortsBlue Fish
10%
Room Found In Pin % Correct
Ski Lodge Bonsai Tree
10%
Pizza ParlorReindeer
10%
ForestCandy Cane Duo
10%
ForestHoliday Stocking
10%
ForestMilk 'N Cookies
10%
Coffee ShopCandy Swirl
10%
IcebergConch Shell
10%
Night Club Beach Chair
10%
DockCamera
10%
Ski HillHelm
10%
Shipwreck IslandShipwreck Beacon
10%
Boiler Room Cheese
10%
ForestEaster Basket
10%
Underground Pool Forest
10%
CoveBlack Helm
10%
Boiler Room Scorn Crest
10%
Mountain of MiseryCrown of the Dragon King
10%
Mine Shack Superhero
10%
Dojo CourtyardSupervillan
10%
Hidden LakeDub Step Puffle
10%
Daily Music ChallengeSweet Star
10%
Daily Music ChallengeMega Star
10%
Daily Music Challenge Super Star
10%
Daily Music ChallengeGold Star
10%
Lodge AtticSpotlight
10%
Coffee ShopBanana Peel
10%
Iceberg `Fruit Combo
10%
Dock Windmill
10%
Ski LodgeTriple Scoop
10%
BeachPuffle Bat Key
10%
Cave Mine7th Anniversary Hat
10%
Recycling PlantGariwald Family Crest
10%
Boiler RoomHeavy Weights
10%
Herbert's LairHerbert Security Clearance
10%
Herbert's LairHerbert Security Clearance
10%
Herbert's LairHerbert Security Clearance
10%
Herbert's LairHerbert Security Clearance
10%
Herbert's LairHerbert Security Clearance
10%
Herbert's LairHerbert Security Clearance
10%
MineFirst Aid
10%
Underground PoolHoliday Cookies
10%
ForestDino Footprint
10%
DockStone Hammer
10%
Underground PoolShooting Star
10%
Ski Hill Golden Award
10%
Coffee ShopRed Nose Comedy
10%
DojoBunny Rabbit
10%
Lodge Attic Robot Villan
10%
Recycling PlantPaper Lantern
10%
LakeElemental
10%
Card Jitsu SnowSnow Gem
10%
Ski Village Snow Shuriken
10%
Coffee ShopNeon Flamingo
10%
IcebergOne Eyed Puffle
10%
Dance ClubText Book
10%
Pizza ParlorR2-D2
10%
Challenge (Game)Rebel Reward
10%
BeaconCalculator
10%
Dance ClubFriends Forever
10%
Hidden LakeCoconut Smoothie
10%
Book Room Fluffy Crest
10%
Cave MinePrank Fangs
10%
Boiler Room Tombstone
10%
ForestScissors
10%
LighthouseHerbertech Logo
10%
ArcadePuffle Medic
10%
Dance ClubOrnament
10%
Coins for Change InterfacePenguin Nests
10%
Coins for Change InterfaceClean Water
10%
Boiler Room Holiday Gift
10%
ForestStone Scissors
10%
Beach Dino Snack
10%
Hidden LakePixel Puffle
10%
Underground PoolSpace Cart
10%
The Daily SpinPirate Skull
10%
The Daily SpinDesert Cactus
10%
Mine ShackLion Statue
10%
Coffee ShopPinata
10%
Mine ShackCream Pie
10%
SchoolPuffle Park
10%
Lodge AtticNeon O'Berry
10%
LighthousePicnic Bundle
10%
Dance LoungeSpace Academy Crest
10%
Hidden LakeOrange Slice
10%
Gold MineMVP
10%
Forest Life Preserver
10%
Cove Cruise Ship
10%
School Arendelle Crest
10%
BeaconSnowman Puffle
10%
DockFruit Smoothie
10%
Ski Hill Lemon
10%
Book RoomScout Scarf
10%
MineAnniversary Balloons
10%
Boiler RoomGhost
10%
Pizza ParlorWooden Sword
10%
Coffee ShopCrab Lock
10%
Ski HillMerry Walrus
10%
Puffle Hotel LobbyBlue Crystal Puffle
10%

You're not logged in!

Compare scores with friends on all Sporcle quizzes.
OR
Log In

Sporcle TV

Today on Sporcle TV


Watch our educational content, quiz creation guides, and fun videos on Sporcle TV.

Show Comments

Extras

Top Quizzes Today


Score Distribution

Your Account Isn't Verified!

In order to create a playlist on Sporcle, you need to verify the email address you used during registration. Go to your Sporcle Settings to finish the process.

Report this User

Report this user for behavior that violates our Community Guidelines.

Details: